00829nam a22002777a 45000010005000000030009000050050017000140070005000310080028000360400022000640920015000861000055001012400031001562450072001872500012002592600034002713000026003054900016003317000024003478300016003719100008003879420012003959520109004079560020005169990015005360114DO-SdBNP20151112143445.00114151005b1986 sp 00| 0 spa d aBPMSUbspacBPMSU aXXXXbXXXX1 aStevenson, R. LcRobert Louis Stevensond1850-189414aThe treasure island /leng13aLa isla del tesoro /cR. L. Stevenson ; ilustraciones Miguel Garcia a6a. ed. aBarcelona :bBruguera,c1986. a223 p. :bil.c13 cm.1 aBruguerav312aGarcia, Migueleil. 0aBrugueran3 a202 2ddccBK 00102ddc40708EXTaBPMETbBPMETd2015-11-12eDonaciónl0pBPMET15110212r2015-11-12w2015-11-12yBK aYngrid Lockward c8662d8662